Tras un año de ocupación en Granada /

Spremljeno u:
Bibliografski detalji
Glavni autor: Pierre - Charles, Gérard
Format: Tekst
Oznake: Dodaj oznaku
Bez oznaka, Budi prvi tko označuje ovaj zapis!

MARC

LEADER 00000 a a2200000 04500
001 1598
003
040
100 |a Pierre - Charles, Gérard  
245 |a Tras un año de ocupación en Granada /  |c Gérard Pierre - Charles 
773 |g número 22; páginas 39-43  
999 |c 36793  |d 36793